• 首页
  • 本馆介绍
  • 公告通知
  • 最新文献
  • 馆藏检索
  • 电子资源
  • 读者导购
  • 参考咨询
  • 我的图书馆
  • 登录
  • 详细信息显示
  • 放入我的书架
  • 预约/预借图书
  • 作者相关作品
  • 分类相关作品
  • 丛书相关作品
  • 出版社相关作品

书目信息

  • 表格格式
  • 工作单格式
  • 卡片格式
题名:
微电子设备结构设计原理
    
 
作者: 里纳舍夫 著 ;张论 译
分册:  
出版信息: 北京   计量出版社  1985
页数: 280页
开本: 20cm
丛书名:
单 册:
中图分类: TN802 , TN402
科图分类:
主题词: 微电子技术-电子设备-结构设计 , 电子设备-微电子技术-结构设计 , 结构设计-微电子技术-电子设备 , 微电子技术 , 集成电路
电子资源:
ISBN:
000 00886nam0 2200313 45
001 0185020510
005 20040519153721.5
010    @dCNY1.90
091    @a15210.475
100    @a19900921d1985 em y0chiy0121 ea
101 1  @achi@crus
102    @aCN@b110000
105    @ay z 000yy
106    @ar
200 10 @a微电子设备结构设计原理@Awei dian zi she bei jie gou she ji yuan li@f(苏)里纳舍夫著@g张论译
210    @a北京@c计量出版社@d1985
215    @a280页@d20cm
606    @a微电子技术-电子设备-结构设计
606    @a电子设备-微电子技术-结构设计
606    @a结构设计-微电子技术-电子设备
606 0  @a微电子技术
606 0  @a集成电路
690    @aTN802@v3 
690    @aTN402
701  1 @a里纳舍夫@Ali na she fu@4著
702  0 @a张论@Azhang lun@4译
801  0 @aCN@b深圳图书馆@c20040519
801  2 @aCN@bNLC@c20040519
905    @f2@b151170-171@dTN402@e47
    
    微电子设备结构设计原理/(苏)里纳舍夫著/张论译.-北京:计量出版社,1985
    280页;20cm
    
    
    ISBN :CNY1.90
    
●
相关链接 在E读中查询图书 在五车中查询图书 在当当中查询图书 在豆瓣中查询图书


正题名:微电子设备结构设计原理     索取号:TN402/47         预约/预借

序号 登录号 条形码 馆藏地/架位号 状态 备注
1 0151170   001354073   第三借阅区/ [索取号:TN402/47] 在馆    
2 0151171   001353644   密集书库/ [索取号:TN402/47] 在馆    
3 0151172   202106201   第二样本阅览室/ [索取号:TN402/47] 在馆    
唐山师范学院图书馆 欢迎您!
大连网信软件有限公司© 版权所有